000
00230nam a2200097Ia 4500
005
20251222114357.0
008
251222s1900||||xx |||||||||||||| ||spa||
082
_a
DVD0070/C28/2005
245
0
_a
Joyeux Noel:Feliz navidad
942
_c
DVD
999
_c
1472
_d
1472